[Event "KEN-ch"]
[Site "Nairobi"]
[Date "2024.02.16"]
[Round "6"]
[White "Ngani, Victor"]
[Black "Omolo, Keneth"]
[Result "1-0"]
[WhiteElo "1893"]
[BlackElo "2088"]
[PlyCount "63"]
[EventDate "2024.02.09"]
[EventType "tourn"]
[EventRounds "11"]
[EventCountry "KEN"]
[SourceTitle "CB08_2024"]
[SourceDate "2024.02.21"]
[SourceVersion "1"]
[SourceVersionDate "2024.02.21"]
[SourceQuality "1"]

1. e4 e6 2. d4 d5 3. Nc3 Bb4 4. e5 c5 5. a3 Bxc3+ 6. bxc3 Nc6 7. Qg4 Nge7 8. Qxg7 Rg8 9. Qxh7 cxd4 10. cxd4 Nxd4 11. Qd3 Ndc6 12. f4 Qc7 13. Nf3 Bd7 14. Be3 Nf5 15. Bf2 a6 16. Rg1 Na5 17. Qd2 Nc4 18. Qc3 Rc8 19. g4 Ne7 20. Bd3 Ng6 21. Qd4 Ne7 22. Ke2 Nc6 23. Qc3 b5 24. g5 a5 25. g6 b4 26. Qe1 fxg6 27. Rxg6 Rxg6 28. Bxg6+ Kd8 29. Bh4+ Ne7 30. Bxe7+ Kxe7 31. Qh4+ Kf8 32. Qf6+ 1-0

[Event "KEN-ch"]
[Site "Nairobi"]
[Date "2024.02.10"]
[Round "2"]
[White "Gohil, Mehul"]
[Black "Ngani, Victor"]
[Result "1-0"]
[WhiteElo "1994"]
[BlackElo "1893"]
[PlyCount "71"]
[EventDate "2024.02.09"]
[EventType "tourn"]
[EventRounds "11"]
[EventCountry "KEN"]
[SourceTitle "CB08_2024"]
[SourceDate "2024.02.21"]
[SourceVersion "1"]
[SourceVersionDate "2024.02.21"]
[SourceQuality "1"]

1. d4 d5 2. Nf3 e6 3. c4 c6 4. e3 Nf6 5. b3 a5 6. Bd3 a4 7. 0-0 axb3 8. Qxb3 Nbd7 9. Bb2 Bd6 10. Nbd2 0-0 11. Rfe1 Qc7 12. Rac1 Re8 13. e4 dxe4 14. Nxe4 Nxe4 15. Rxe4 c5 16. Rh4 h6 17. Bb1 cxd4 18. Qc2 Nf8 19. Nxd4 Be7 20. Nb5 Qb8 21. Rh5 f5 22. Re1 Ng6 23. Rh3 Bd7 24. Rg3 Kh7 25. Qd1 Bxb5 26. Qh5 Qxg3 27. hxg3 Bxc4 28. g4 Nf4 29. Qf7 Bf8 30. Bxf5+ exf5 31. Qxf5+ Ng6 32. Rc1 Rxa2 33. Bxg7 Be6 34. Qb5 Re2 35. Be5 Bg7 36. Bd6 1-0

[Event "Africa zt 4.4 op"]
[Site "Antananarivo"]
[Date "2024.01.17"]
[Round "8"]
[White "Ngani, Victor"]
[Black "Andriamasoandro, Miora Ismael"]
[Result "0-1"]
[WhiteElo "1893"]
[BlackElo "2120"]
[PlyCount "92"]
[EventDate "2024.01.11"]
[EventType "swiss"]
[EventRounds "9"]
[EventCountry "MAD"]
[SourceTitle "CB05_2024"]
[SourceDate "2024.01.31"]
[SourceVersion "1"]
[SourceVersionDate "2024.01.31"]
[SourceQuality "1"]

1. e4 c5 2. Nf3 d6 3. d4 cxd4 4. Nxd4 Nf6 5. Nc3 a6 6. Bc4 e6 7. Bb3 b5 8. 0-0 Be7 9. a3 0-0 10. Be3 Bb7 11. f3 Nc6 12. Nxc6 Bxc6 13. Qe2 Qc7 14. Rad1 Rfe8 15. Qf2 Rab8 16. Qg3 Kh8 17. Ne2 a5 18. Nd4 Bd7 19. c3 Rec8 20. h4 Qd8 21. Qh2 Ne8 22. g3 Nc7 23. Qd2 Na6 24. Ra1 Qc7 25. Kg2 Qb7 26. h5 Nc5 27. h6 g6 28. Bg5 f6 29. Be3 d5 30. exd5 e5 31. Bc2 exd4 32. Qxd4 Bf5 33. Bxf5 gxf5 34. Bg5 Kg8 35. Bxf6 Bxf6 36. Qxf6 Qf7 37. Qg5+ Qg6 38. Qe3 Nd7 39. Rfe1 Re8 40. Qf4 Nf6 41. Re6 Rxe6 42. dxe6 Re8 43. Re1 Nh5 44. Qe5 Qxh6 45. Qxb5 Qg5 46. Qd5 Ng7 0-1

[Event "Africa zt 4.4 op"]
[Site "Antananarivo"]
[Date "2024.01.12"]
[Round "3"]
[White "Andrianiaina, Heritiana"]
[Black "Ngani, Victor"]
[Result "0-1"]
[WhiteElo "2157"]
[BlackElo "1893"]
[PlyCount "104"]
[EventDate "2024.01.11"]
[EventType "swiss"]
[EventRounds "9"]
[EventCountry "MAD"]
[SourceTitle "CB05_2024"]
[SourceDate "2024.01.31"]
[SourceVersion "1"]
[SourceVersionDate "2024.01.31"]
[SourceQuality "1"]

1. d4 d5 2. c4 e6 3. Nc3 c6 4. e4 dxe4 5. Nxe4 Bb4+ 6. Nc3 e5 7. Be3 exd4 8. Qxd4 Qxd4 9. Bxd4 Nf6 10. 0-0-0 0-0 11. a3 Be7 12. Re1 c5 13. Be5 Nc6 14. Bg3 Be6 15. Nf3 h6 16. Rd1 Rfd8 17. Be2 Nh5 18. Nd5 Nxg3 19. Nxe7+ Nxe7 20. hxg3 Nc6 21. b3 Bg4 22. Kb2 a5 23. Kc3 Be6 24. Bd3 Kf8 25. Be4 Rxd1 26. Rxd1 Rd8 27. Rb1 Rd6 28. Bxc6 Rxc6 29. Ne5 Rc8 30. Re1 g5 31. f4 gxf4 32. gxf4 f6 33. Nd3 Bf5 34. Nb2 Rd8 35. Re2 b6 36. Na4 Rd3+ 37. Kb2 Rd6 38. Kc3 Bd7 39. Nb2 Kf7 40. Nd3 Bf5 41. Nf2 h5 42. g3 Re6 43. Rxe6 Kxe6 44. Nd1 Be4 45. Ne3 Bc6 46. Kd3 Bf3 47. Kd2 Bc6 48. a4 Be4 49. Nd1 Bc6 50. Nc3 Kd6 51. Ke3 Ke6 52. Kf2 Kd6 0-1

[Event "Africa zt 4.4 op"]
[Site "Antananarivo"]
[Date "2024.01.12"]
[Round "2"]
[White "Ngani, Victor"]
[Black "Ghebrehiwet, Hannil Ghebremedhn"]
[Result "1-0"]
[WhiteElo "1893"]
[BlackElo "1874"]
[PlyCount "57"]
[EventDate "2024.01.11"]
[EventType "swiss"]
[EventRounds "9"]
[EventCountry "MAD"]
[SourceTitle "CB05_2024"]
[SourceDate "2024.01.31"]
[SourceVersion "1"]
[SourceVersionDate "2024.01.31"]
[SourceQuality "1"]

1. e4 c5 2. Nf3 g6 3. d4 cxd4 4. Nxd4 Bg7 5. Nc3 Nc6 6. Be3 Nf6 7. Bc4 0-0 8. Bb3 d6 9. f3 Bd7 10. Qd2 Rc8 11. 0-0-0 Ne5 12. Kb1 Nc4 13. Bxc4 Rxc4 14. g4 h5 15. gxh5 Nxh5 16. Nde2 Bc6 17. Bh6 Qb6 18. Bxg7 Kxg7 19. f4 f5 20. Nd4 Bd7 21. Nd5 Qd8 22. Rhg1 Kh7 23. exf5 Bxf5 24. Nxf5 Rxf5 25. Ne3 Rcxf4 26. Nxf5 Rxf5 27. Qg2 Qe8 28. Qxb7 Re5 29. Rxd6 1-0

[Event "KEN Nat Team Selection"]
[Site "Ruaraka"]
[Date "2023.01.29"]
[Round "10"]
[White "Mcligeyo, Robert Oluka"]
[Black "Ngani, Victor"]
[Result "1/2-1/2"]
[WhiteElo "1860"]
[BlackElo "1928"]
[PlyCount "82"]
[EventDate "2023.01.20"]
[EventType "tourn"]
[EventRounds "11"]
[EventCountry "KEN"]
[SourceTitle "CBM 213 Extra"]
[Source "ChessBase"]
[SourceDate "2023.05.31"]
[SourceVersion "1"]
[SourceVersionDate "2023.05.31"]
[SourceQuality "1"]

1. d4 d5 2. c4 e6 3. Nc3 Nf6 4. Nf3 c6 5. e3 Nbd7 6. Be2 dxc4 7. a4 Bd6 8. Nd2 e5 9. Nxc4 Bc7 10. b3 0-0 11. Ba3 Re8 12. 0-0 exd4 13. Qxd4 Nb6 14. Qxd8 Rxd8 15. Be7 Re8 16. Bxf6 gxf6 17. Nxb6 axb6 18. Bc4 Be6 19. Bxe6 fxe6 20. Rad1 Red8 21. g4 Kf7 22. Kg2 Ke7 23. f4 f5 24. h3 Rxd1 25. Rxd1 Rd8 26. Rxd8 Bxd8 27. Kf3 Kd6 28. e4 fxg4+ 29. hxg4 Kc5 30. Ne2 Kb4 31. Nd4 e5 32. fxe5 c5 33. Nf5 Kxb3 34. Ke2 c4 35. e6 c3 36. Kd3 Kb2 37. Ne3 Kb3 38. Nc2 Bf6 39. e5 Be7 40. Ne3 Bc5 41. Nc2 Kb2 1/2-1/2

[Event "KEN Nat Team Selection"]
[Site "Ruaraka"]
[Date "2023.01.28"]
[Round "9"]
[White "Ngani, Victor"]
[Black "Gohil, Mehul"]
[Result "1-0"]
[WhiteElo "1928"]
[BlackElo "2020"]
[PlyCount "56"]
[EventDate "2023.01.20"]
[EventType "tourn"]
[EventRounds "11"]
[EventCountry "KEN"]
[SourceTitle "CBM 213 Extra"]
[Source "ChessBase"]
[SourceDate "2023.05.31"]
[SourceVersion "1"]
[SourceVersionDate "2023.05.31"]
[SourceQuality "1"]

1. e4 e6 2. d4 d5 3. Nc3 Nf6 4. e5 Nfd7 5. f4 c5 6. Nf3 Nc6 7. Be3 a6 8. Qd2 b5 9. a3 Qa5 10. dxc5 Bxc5 11. Bxc5 Nxc5 12. Nd4 Qb6 13. Nxc6 Qxc6 14. b4 Nd7 15. a4 bxa4 16. Nxa4 Bb7 17. Bd3 d4 18. 0-0 0-0 19. Rfe1 Rac8 20. Re4 Rfd8 21. Rxd4 Nb6 22. Rxd8+ Rxd8 23. Nc5 Nd5 24. Bxa6 Ra8 25. Nxb7 Rxa6 26. Rxa6 Qxa6 27. Nc5 Qc4 28. Nd3 Qe4 1-0

[Event "KEN Nat Team Selection"]
[Site "Ruaraka"]
[Date "2023.01.21"]
[Round "2"]
[White "Ngani, Victor"]
[Black "Nguku Namale, Ben"]
[Result "0-1"]
[WhiteElo "1928"]
[BlackElo "1949"]
[PlyCount "136"]
[EventDate "2023.01.20"]
[EventType "tourn"]
[EventRounds "11"]
[EventCountry "KEN"]
[SourceTitle "CBM 213 Extra"]
[Source "ChessBase"]
[SourceDate "2023.05.31"]
[SourceVersion "1"]
[SourceVersionDate "2023.05.31"]
[SourceQuality "1"]

1. e4 d5 2. exd5 Qxd5 3. Nf3 Bg4 4. Be2 Nc6 5. d4 0-0-0 6. c4 Qf5 7. Be3 Bxf3 8. Bxf3 Nxd4 9. Bxd4 Qe6+ 10. Be2 Qe4 11. 0-0 Qxd4 12. Qa4 e6 13. Nc3 Bd6 14. Bf3 a6 15. Rfd1 Qe5 16. b4 Qxc3 17. c5 Bxc5 18. bxc5 Ne7 19. Rab1 Rxd1+ 20. Qxd1 c6 21. Qd6 Nf5 22. Qf4 Qd4 23. Qc1 Rd8 24. Qa3 Qd3 25. Qb2 Qb5 26. Qc1 Qa5 27. Qb2 Qc7 28. g3 Nd4 29. Bg2 Rd7 30. Rc1 Qa5 31. Kh1 Qb5 32. Qa1 Qe2 33. Kg1 Qd2 34. Bf1 h5 35. Kg2 Nc2 36. Qb1 Ne3+ 37. Kg1 Nxf1 38. Rxf1 Qd5 39. Qh7 g6 40. Rc1 Qd2 41. Qh8+ Rd8 42. Qa1 h4 43. Rc4 h3 44. Qf1 Qxa2 45. Rf4 g5 46. Rg4 f5 47. Rb4 Qd2 48. Ra4 g4 49. Ra1 Qd5 50. Re1 a5 51. Ra1 Qxc5 52. Qe2 Qd5 53. f3 gxf3 54. Qf2 e5 55. Rb1 Qd1+ 56. Qf1 Qxf1+ 57. Rxf1 e4 58. Kf2 Rd2+ 59. Ke3 Rxh2 60. Kf4 f2 61. g4 fxg4 62. Kxg4 e3 63. Kf3 Rg2 64. Kxe3 h2 65. Rh1 Rg1 66. Kxf2 Rxh1 67. Kg2 Rc1 68. Kxh2 a4 0-1

[Event "KEN-ch"]
[Site "Nairobi"]
[Date "2022.12.29"]
[Round "8"]
[White "Ngani, Victor"]
[Black "Gohil, Mehul"]
[Result "0-1"]
[WhiteElo "1925"]
[BlackElo "2012"]
[PlyCount "60"]
[EventDate "2022.12.26"]
[EventType "swiss"]
[EventRounds "9"]
[EventCountry "KEN"]
[SourceTitle "EXT 2024"]
[Source "ChessBase"]
[SourceDate "2023.10.10"]
[SourceVersion "1"]
[SourceVersionDate "2023.10.10"]
[SourceQuality "1"]

1. e4 c5 2. Nf3 d6 3. d4 cxd4 4. Nxd4 Nf6 5. Nc3 g6 6. Be3 Bg7 7. f3 0-0 8. Qd2 Nc6 9. Bc4 Bd7 10. h4 Rc8 11. Bb3 h5 12. 0-0-0 Nxd4 13. Bxd4 b5 14. Nd5 Nxd5 15. Bxg7 Kxg7 16. Bxd5 a5 17. a3 b4 18. axb4 axb4 19. Qxb4 Qc7 20. Bb3 f6 21. Kd2 Rb8 22. Qd4 Qa5+ 23. Qc3 Rb4 24. Ke2 Rc8 25. Rd5 Bb5+ 26. Rxb5 Qxb5+ 27. Qd3 Rxb3 28. cxb3 Rc2+ 29. Ke3 Qc5+ 30. Kf4 g5+ 0-1

[Event "KEN-ch"]
[Site "Nairobi"]
[Date "2022.12.28"]
[Round "6"]
[White "Ngani, Victor"]
[Black "Ndegwa, Jackson Kamau"]
[Result "1-0"]
[WhiteElo "1925"]
[BlackElo "1809"]
[PlyCount "95"]
[EventDate "2022.12.26"]
[EventType "swiss"]
[EventRounds "9"]
[EventCountry "KEN"]
[SourceTitle "EXT 2024"]
[Source "ChessBase"]
[SourceDate "2023.10.10"]
[SourceVersion "1"]
[SourceVersionDate "2023.10.10"]
[SourceQuality "1"]

1. e4 e5 2. Nf3 Nc6 3. Bc4 Bc5 4. c3 Qf6 5. b4 Bb6 6. a4 a5 7. b5 Nce7 8. h3 d6 9. 0-0 Qg6 10. Kh1 Qxe4 11. Bxf7+ Kf8 12. d4 Bxh3 13. gxh3 Kxf7 14. Kh2 Qf5 15. dxe5 dxe5 16. Be3 Bxe3 17. Qb3+ Ke8 18. fxe3 e4 19. Nbd2 exf3 20. Nxf3 Nf6 21. Nd4 Qe5+ 22. Kh1 Qxe3 23. Rf3 Qe4 24. Raf1 Qd5 25. Qc2 Rd8 26. Qg2 Rg8 27. Re1 Kd7 28. Ne6 Rde8 29. Rd3 Kc8 30. Rxd5 Nexd5 31. Qg3 Re7 32. Nd4 Rxe1+ 33. Qxe1 Re8 34. Qf1 Nxc3 35. b6 c5 36. Qf5+ Kb8 37. Qxc5 Nfd5 38. Qxa5 Re1+ 39. Kg2 Rb1 40. Qa7+ Kc8 41. Qa8+ Kd7 42. Qxb7+ Kd6 43. Qc6+ Ke5 44. Nb5 Rb2+ 45. Kh1 Rb1+ 46. Kg2 Rb2+ 47. Kf3 Ne4 48. Qe8+ 1-0

[Event "KEN-ch"]
[Site "Nairobi"]
[Date "2022.12.27"]
[Round "3"]
[White "Ngani, Victor"]
[Black "Andiwoh, Moses"]
[Result "1/2-1/2"]
[WhiteElo "1925"]
[BlackElo "1734"]
[PlyCount "122"]
[EventDate "2022.12.26"]
[EventType "swiss"]
[EventRounds "9"]
[EventCountry "KEN"]
[SourceTitle "EXT 2024"]
[Source "ChessBase"]
[SourceDate "2023.10.10"]
[SourceVersion "1"]
[SourceVersionDate "2023.10.10"]
[SourceQuality "1"]

1. e4 d6 2. d4 e5 3. Nf3 Bg4 4. dxe5 Bxf3 5. Qxf3 dxe5 6. Bc4 Qf6 7. Qg3 Bb4+ 8. Nc3 Nd7 9. 0-0 c6 10. f4 Qg6 11. Qf3 Ngf6 12. Bd2 0-0 13. Rae1 Rae8 14. f5 Qh5 15. Qxh5 Nxh5 16. g4 Nb6 17. Bb3 c5 18. gxh5 c4 19. a3 Bc5+ 20. Kg2 cxb3 21. cxb3 Rd8 22. Rd1 Rd3 23. Bg5 Rd4 24. Bh4 Rc8 25. Bf2 Rxd1 26. Rxd1 Kf8 27. Bxc5+ Rxc5 28. Rd2 Ke7 29. Kf3 h6 30. Ke3 f6 31. a4 a5 32. Kd3 Rc6 33. Nb5 Rc1 34. Rc2 Rxc2 35. Kxc2 Kd7 36. Na3 Nc8 37. Kc3 Kc6 38. Nc4 b6 39. b4 axb4+ 40. Kxb4 Na7 41. Ne3 Nc8 42. Nc4 Na7 43. b3 Nc8 44. Kc3 b5 45. Nd2 Nd6 46. Kb4 bxa4 47. bxa4 Nb7 48. a5 Nc5 49. Kc4 Na6 50. Nb3 Nc7 51. Nc5 Ne8 52. Ne6 Nd6+ 53. Kb4 Nxe4 54. Nxg7 Nd6 55. a6 Kb6 56. a7 Kxa7 57. Kc5 e4 58. Kd4 Kb6 59. Ne6 Kc6 60. Nf4 Nxf5+ 61. Kxe4 Ng7 1/2-1/2

[Event "KEN-ch"]
[Site "Nairobi"]
[Date "2022.12.27"]
[Round "4"]
[White "Singe, Phillip Mbawala"]
[Black "Ngani, Victor"]
[Result "0-1"]
[WhiteElo "1714"]
[BlackElo "1925"]
[PlyCount "69"]
[EventDate "2022.12.26"]
[EventType "swiss"]
[EventRounds "9"]
[EventCountry "KEN"]
[SourceTitle "EXT 2024"]
[Source "ChessBase"]
[SourceDate "2023.10.10"]
[SourceVersion "1"]
[SourceVersionDate "2023.10.10"]
[SourceQuality "1"]

1. b3 c5 2. Bb2 Nc6 3. e4 d6 4. Nf3 Nf6 5. d3 g6 6. Nbd2 Bg7 7. Be2 0-0 8. 0-0 d5 9. Rb1 d4 10. a4 a6 11. Ne1 e5 12. h3 h5 13. f4 exf4 14. Rxf4 Bh6 15. Rf1 Be3+ 16. Kh1 Ng4 17. Bxg4 hxg4 18. Nc4 Bh6 19. Bc1 Bxc1 20. Qxc1 b5 21. Nb2 Qh4 22. Qf4 Qh5 23. Kh2 gxh3 24. g3 Ne5 25. Nf3 Ng4+ 26. Kh1 Ne3 27. Rf2 Bd7 28. a5 f5 29. e5 Bc6 30. Kg1 Bxf3 31. Qxf3 Qxf3 32. Rxf3 Rae8 33. c3 Rxe5 34. cxd4 cxd4 35. Rc1 0-1

[Event "Mombasa op"]
[Site "Shanzu"]
[Date "2022.10.08"]
[Round "1"]
[White "Ngani, Victor"]
[Black "Ngetich, Weldon Cheruiyot"]
[Result "1-0"]
[WhiteElo "1942"]
[BlackElo "1432"]
[PlyCount "57"]
[EventDate "2022.10.08"]
[EventType "swiss"]
[EventRounds "6"]
[EventCountry "KEN"]
[SourceTitle "EXT 2024"]
[Source "ChessBase"]
[SourceDate "2023.10.10"]
[SourceVersion "1"]
[SourceVersionDate "2023.10.10"]
[SourceQuality "1"]

1. e4 e6 2. d4 d5 3. Nc3 Bb4 4. e5 Ne7 5. a3 Bxc3+ 6. bxc3 0-0 7. Bd3 Nd7 8. Qg4 g6 9. Bh6 Re8 10. Bg5 c5 11. Qh4 c4 12. Be2 Qa5 13. Kd2 Nf5 14. Qf4 Rf8 15. g4 Ng7 16. Be7 Re8 17. Bf6 Rf8 18. Nf3 Ne8 19. Be7 f5 20. Bxf8 Nxf8 21. h4 fxg4 22. Ng5 Qc7 23. Bxg4 Ng7 24. h5 b6 25. hxg6 Nxg6 26. Qf6 Ne8 27. Bxe6+ Bxe6 28. Qxe6+ Kf8 29. Rxh7 1-0

[Event "KEN-ch"]
[Site "Nairobi"]
[Date "2021.12.27"]
[Round "3"]
[White "Ngani, Victor"]
[Black "Young, Collins1111"]
[Result "1-0"]
[WhiteElo "1965"]
[BlackElo "1646"]
[PlyCount "71"]
[EventDate "2021.12.26"]
[EventType "swiss"]
[EventRounds "9"]
[EventCountry "KEN"]
[SourceTitle "EXT 2023"]
[Source "ChessBase"]
[SourceDate "2022.10.05"]
[SourceVersion "1"]
[SourceVersionDate "2022.10.05"]
[SourceQuality "1"]

1. e4 c6 2. d4 d5 3. f3 dxe4 4. fxe4 Nf6 5. e5 Bg4 6. Be2 Bxe2 7. Qxe2 Nd5 8. c4 Nc7 9. Nc3 e6 10. Be3 Be7 11. Nf3 Nd7 12. Rd1 0-0 13. Ne4 Bb4+ 14. Bd2 Bxd2+ 15. Rxd2 Ne8 16. 0-0 Qe7 17. c5 Nc7 18. Nfg5 h6 19. Qh5 f6 20. exf6 Nxf6 21. Nxf6+ Rxf6 22. Rxf6 Qxf6 23. Nf3 Rf8 24. Qe5 Qxe5 25. Nxe5 Nd5 26. Rf2 Rxf2 27. Kxf2 g5 28. a3 Kg7 29. Kf3 h5 30. g3 g4+ 31. Ke4 Kf6 32. Nc4 b6 33. Ne5 bxc5 34. Nxc6 cxd4 35. Nxa7 e5 36. Nc6 1-0

[Event "Olympiad-43"]
[Site "Batumi"]
[Date "2018.10.05"]
[Round "11.3"]
[White "Volpinari, Danilo"]
[Black "Ngani, Victor"]
[Result "1/2-1/2"]
[WhiteElo "1985"]
[BlackElo "2022"]
[PlyCount "63"]
[EventDate "2018.09.24"]
[EventType "team-swiss"]
[EventRounds "11"]
[EventCountry "GEO"]
[SourceTitle "CBM 187"]
[Source "ChessBase"]
[SourceDate "2018.12.11"]
[SourceVersion "1"]
[SourceVersionDate "2018.12.11"]
[SourceQuality "1"]
[WhiteTeam "San Marino"]
[BlackTeam "Kenya"]
[WhiteTeamCountry "SMR"]
[BlackTeamCountry "KEN"]

1. e4 c5 2. c3 g6 3. d4 cxd4 4. cxd4 d5 5. e5 Nc6 6. Nc3 Nh6 7. Nf3 Bg4 8. Be2 Bxf3 9. Bxf3 e6 10. Be3 Nf5 11. Qd2 Nxe3 12. fxe3 a6 13. 0-0 Bh6 14. Rae1 b5 15. Qf2 0-0 16. Rd1 Qb6 17. Kh1 Rad8 18. Rfe1 Bg7 19. Rf1 f6 20. exf6 Bxf6 21. Qg3 Ne7 22. Bg4 Nf5 23. Bxf5 exf5 24. Rxf5 Qe6 25. Rf3 Kg7 26. Rdf1 Rc8 27. Ne2 Rc6 28. Nf4 Qf5 29. Nh3 Qc8 30. Nf4 Qf5 31. Nh3 Qc8 32. Nf4 1/2-1/2

[Event "Olympiad-43"]
[Site "Batumi"]
[Date "2018.10.04"]
[Round "10.3"]
[White "Ngani, Victor"]
[Black "Muhammed, Shuaau"]
[Result "0-1"]
[WhiteElo "2022"]
[BlackElo "1775"]
[PlyCount "84"]
[EventDate "2018.09.24"]
[EventType "team-swiss"]
[EventRounds "11"]
[EventCountry "GEO"]
[SourceTitle "CBM 187"]
[Source "ChessBase"]
[SourceDate "2018.12.11"]
[SourceVersion "1"]
[SourceVersionDate "2018.12.11"]
[SourceQuality "1"]
[WhiteTeam "Kenya"]
[BlackTeam "Maldives"]
[WhiteTeamCountry "KEN"]
[BlackTeamCountry "MDV"]

1. e4 c5 2. Nf3 d6 3. d4 cxd4 4. Nxd4 Nf6 5. Nc3 g6 6. Be3 Bg7 7. f3 0-0 8. Bc4 Nc6 9. Qd2 a6 10. 0-0-0 Bd7 11. h4 Rc8 12. Bb3 h5 13. Kb1 Na5 14. g4 Nxb3 15. axb3 hxg4 16. h5 Nxh5 17. Bh6 e5 18. Nf5 Bxf5 19. exf5 Rxc3 20. bxc3 g3 21. Bxg7 Kxg7 22. Qxd6 Qxd6 23. Rxd6 g2 24. Rg1 Nf4 25. f6+ Kh6 26. b4 Kg5 27. c4 Kh4 28. Rd7 Kg3 29. Rxb7 Kf2 30. Rxg2+ Kxg2 31. c5 Kxf3 32. c6 e4 33. Re7 Ne6 34. c7 Nxc7 35. Rxc7 e3 36. Re7 e2 37. c4 Kf2 38. Kc2 e1Q 39. Rxe1 Kxe1 40. c5 Ke2 41. Kc3 g5 42. Kd4 g4 0-1

[Event "Olympiad-43"]
[Site "Batumi"]
[Date "2018.10.03"]
[Round "9.3"]
[White "Diaz Montes, Edwin"]
[Black "Ngani, Victor"]
[Result "0-1"]
[WhiteElo "2034"]
[BlackElo "2022"]
[PlyCount "66"]
[EventDate "2018.09.24"]
[EventType "team-swiss"]
[EventRounds "11"]
[EventCountry "GEO"]
[SourceTitle "CBM 187"]
[Source "ChessBase"]
[SourceDate "2018.12.11"]
[SourceVersion "1"]
[SourceVersionDate "2018.12.11"]
[SourceQuality "1"]
[WhiteTeam "Puerto Rico"]
[BlackTeam "Kenya"]
[WhiteTeamCountry "PUR"]
[BlackTeamCountry "KEN"]

1. Nf3 d5 2. c4 c6 3. g3 Nf6 4. Bg2 dxc4 5. Qc2 b5 6. b3 cxb3 7. axb3 e6 8. 0-0 Bb7 9. d4 Nbd7 10. Rd1 Qb6 11. Bd2 a5 12. Nc3 Bb4 13. e4 c5 14. e5 Nd5 15. Ne4 cxd4 16. Bxb4 Nxb4 17. Qb1 0-0 18. Rxd4 Nxe5 19. Nfg5 Ng6 20. Rd6 Qc7 21. Qd1 Bd5 22. Rc1 Qe7 23. Rb6 h6 24. Nh3 Rfb8 25. Rxb8+ Rxb8 26. Rc3 Na2 27. Re3 Rc8 28. Qd2 Qa3 29. Bf1 Rc1 30. Nc3 Rxc3 31. Rxc3 Nxc3 32. Qxc3 Qxb3 33. Qxa5 Qf3 0-1

[Event "Olympiad-43"]
[Site "Batumi"]
[Date "2018.09.28"]
[Round "5.59"]
[White "Pg, Md Omar Ak Hafizon"]
[Black "Ngani, Victor"]
[Result "1/2-1/2"]
[WhiteElo "2125"]
[BlackElo "2022"]
[PlyCount "112"]
[EventDate "2018.09.24"]
[EventType "team-swiss"]
[EventRounds "11"]
[EventCountry "GEO"]
[SourceTitle "CBM 187"]
[Source "ChessBase"]
[SourceDate "2018.12.11"]
[SourceVersion "1"]
[SourceVersionDate "2018.12.11"]
[SourceQuality "1"]
[WhiteTeam "Brunei"]
[BlackTeam "Kenya"]
[WhiteTeamCountry "BRN"]
[BlackTeamCountry "KEN"]

1. e4 c5 2. Nf3 g6 3. d4 cxd4 4. Qxd4 Nf6 5. Nc3 Nc6 6. Qa4 d6 7. e5 dxe5 8. Nxe5 Qd4 9. Nxc6 Qxa4 10. Nxa4 bxc6 11. g3 Be6 12. c4 Nd7 13. b3 Bg7 14. Bb2 Bxb2 15. Nxb2 Ne5 16. Bg2 Bg4 17. f4 Bf3 18. Bxf3 Nxf3+ 19. Kf2 Nd4 20. Rad1 0-0-0 21. Rd2 Ne6 22. Rhd1 Rxd2+ 23. Rxd2 Rd8 24. Rxd8+ Kxd8 25. b4 c5 26. a3 Kc7 27. Ke3 Nd4 28. Na4 Nf5+ 29. Ke4 cxb4 30. axb4 h5 31. Nc3 Kd7 32. Nb5 a6 33. Nd4 Nd6+ 34. Kd5 e6+ 35. Kc5 Kc7 36. b5 Nb7+ 37. Kb4 a5+ 38. Ka4 Kb6 39. Nb3 f6 40. c5+ Kc7 41. c6 Nd8 42. Kxa5 e5 43. fxe5 fxe5 44. Nc5 Nxc6+ 45. bxc6 Kxc6 46. Kb4 Kd5 47. Nd3 Kd4 48. Ne1 e4 49. Kb3 Ke3 50. Kc2 Ke2 51. Ng2 g5 52. h4 gxh4 53. gxh4 Kf3 54. Kd2 Kxg2 55. Ke3 Kg3 56. Kxe4 Kxh4 1/2-1/2

[Event "Olympiad-43"]
[Site "Batumi"]
[Date "2018.09.24"]
[Round "1.48"]
[White "Kosic, Dragan"]
[Black "Ngani, Victor"]
[Result "1-0"]
[WhiteElo "2465"]
[BlackElo "2022"]
[PlyCount "96"]
[EventDate "2018.09.24"]
[EventType "team-swiss"]
[EventRounds "11"]
[EventCountry "GEO"]
[SourceTitle "CBM 187"]
[Source "ChessBase"]
[SourceDate "2018.12.11"]
[SourceVersion "1"]
[SourceVersionDate "2018.12.11"]
[SourceQuality "1"]
[WhiteTeam "Montenegro"]
[BlackTeam "Kenya"]
[WhiteTeamCountry "MNE"]
[BlackTeamCountry "KEN"]

1. d4 d5 2. Nf3 Nf6 3. c4 c6 4. Nc3 a6 5. e3 Bf5 6. Qb3 b5 7. cxd5 cxd5 8. a4 b4 9. Na2 Nc6 10. Bd2 e6 11. Rc1 Na5 12. Qd1 b3 13. Nc3 Bc2 14. Rxc2 bxc2 15. Qxc2 Bb4 16. Bd3 0-0 17. 0-0 Qd6 18. Ne5 g6 19. f4 Rfc8 20. Be1 Nd7 21. Qe2 Nxe5 22. fxe5 Qf8 23. h4 Nc6 24. Bxa6 Rcb8 25. Bb5 Na7 26. Bd3 Be7 27. h5 Qg7 28. hxg6 hxg6 29. e4 Nc6 30. Bf2 Nb4 31. Bb5 Qh6 32. exd5 exd5 33. Qf3 Bg5 34. Nxd5 Nxd5 35. Qxd5 Kg7 36. g3 Rh8 37. Qg2 Rac8 38. Bd3 Rh7 39. Re1 Bd2 40. Rd1 Rch8 41. Be4 Qg5 42. Qf3 Rh2 43. Qf6+ Kf8 44. Qxg5 Bxg5 45. a5 Bd8 46. Ra1 R2h7 47. d5 f5 48. Bg2 Rb7 1-0